[Event "GER-ch U25-B"]
[Site "Willingen"]
[Date "2023.05.28"]
[Round "2"]
[White "Retzlaff, Kian"]
[Black "Roth, Jonas"]
[Result "1-0"]
[WhiteElo "1663"]
[BlackElo "1529"]
[PlyCount "85"]
[EventDate "2023.05.27"]
[EventType "swiss"]
[EventRounds "9"]
[EventCountry "GER"]
[SourceTitle "CBM 214 Extra"]
[Source "ChessBase"]
[SourceDate "2023.07.31"]
[SourceVersion "1"]
[SourceVersionDate "2023.07.31"]
[SourceQuality "1"]

1. e4 e6 2. d4 d5 3. exd5 exd5 4. Nf3 Bg4 5. Qe2+ Ne7 6. h3 Be6 7. Nc3 Nbc6 8. Be3 Qd7 9. Qd2 Nf5 10. Bb5 f6 11. 0-0-0 0-0-0 12. a3 Nd6 13. Ba4 Nc4 14. Qe2 Bd6 15. Bb5 Nb6 16. Na4 Nxa4 17. Bxa4 a6 18. c4 Kb8 19. c5 Be7 20. Rhe1 Rhe8 21. Nd2 Bf5 22. g4 Bg6 23. Nb3 f5 24. f4 h6 25. Na5 Ka7 26. b4 Qe6 27. Bxc6 bxc6 28. Bf2 Qf6 29. Qe6 fxg4 30. Nxc6+ Kb7 31. Nxd8+ Bxd8 32. Qxf6 Bxf6 33. Rxe8 Bxe8 34. hxg4 Bd7 35. Rg1 g6 36. Be3 Be7 37. Kd2 Kc6 38. a4 Kb7 39. Ke2 Bxa4 40. f5 g5 41. Rh1 Bf8 42. f6 Kc8 43. Bxg5 1-0

[Event "GER-ch Youth-C"]
[Site "Willingen"]
[Date "2022.06.09"]
[Round "7"]
[White "Roth, Jonas"]
[Black "Schoene, Finn"]
[Result "1-0"]
[WhiteElo "1239"]
[BlackElo "1110"]
[PlyCount "125"]
[EventDate "2022.06.04"]
[EventType "swiss"]
[EventRounds "9"]
[EventCountry "GER"]
[SourceTitle "CBM 208 Extra"]
[Source "ChessBase"]
[SourceDate "2022.07.31"]
[SourceVersion "1"]
[SourceVersionDate "2022.07.31"]
[SourceQuality "1"]

1. d4 d5 2. c4 e6 3. Nc3 Nf6 4. Bg5 Be7 5. e3 a6 6. c5 Nc6 7. a3 b5 8. Bd3 e5 9. Nge2 e4 10. Bc2 Bd7 11. Bxf6 Bxf6 12. Nxd5 Bf5 13. Ndc3 Qe7 14. Ng3 Bg6 15. Ngxe4 b4 16. Nxf6+ Qxf6 17. Nd5 Qd8 18. Nxb4 Bxc2 19. Qxc2 Nxb4 20. axb4 Qe7 21. Qa4+ Qd7 22. Qxd7+ Kxd7 23. 0-0 Kc6 24. Ra5 Rhb8 25. Ra4 Kb5 26. b3 Kc6 27. Rfa1 Kd5 28. f3 f5 29. g3 g5 30. Kf2 g4 31. f4 Rb7 32. Rxa6 Rxa6 33. Rxa6 Rxb4 34. Ra3 Ke4 35. Ke2 c6 36. Kd2 Kf3 37. Kd3 Rb7 38. Kc4 Kg2 39. Ra2+ Kf3 40. Rb2 Kxe3 41. d5 cxd5+ 42. Kxd5 Rd7+ 43. Kc6 Rd4 44. b4 Kd3 45. b5 Kc3 46. Re2 Re4 47. Rf2 Kc4 48. b6 Re6+ 49. Kd7 Re3 50. c6 Kc5 51. b7 Rd3+ 52. Kc7 Rb3 53. Rc2+ Kd4 54. b8Q Rxb8 55. Kxb8 Kd3 56. Ra2 h5 57. c7 h4 58. c8Q h3 59. Qc2+ Ke3 60. Qd2+ Ke4 61. Ra4+ Kf3 62. Ra3+ Ke4 63. Qd3# 1-0

[Event "GER-ch Youth-C"]
[Site "Willingen"]
[Date "2022.06.05"]
[Round "1"]
[White "Roth, Jonas"]
[Black "Winkler, Frida"]
[Result "1-0"]
[WhiteElo "1239"]
[BlackElo "960"]
[PlyCount "103"]
[EventDate "2022.06.04"]
[EventType "swiss"]
[EventRounds "9"]
[EventCountry "GER"]
[SourceTitle "CBM 208 Extra"]
[Source "ChessBase"]
[SourceDate "2022.07.31"]
[SourceVersion "1"]
[SourceVersionDate "2022.07.31"]
[SourceQuality "1"]

1. d4 d5 2. c4 Nf6 3. Nc3 e6 4. Bf4 dxc4 5. e3 Bd6 6. Bg3 0-0 7. Bxc4 b6 8. Qf3 Bd7 9. Qxa8 Bc6 10. Qxa7 Bxg2 11. f3 Bxh1 12. Kf2 Nc6 13. Qa4 Nb4 14. a3 Nbd5 15. Bxd5 exd5 16. Nge2 Bxf3 17. Kxf3 Nh5 18. Bxd6 Qxd6 19. Ng3 Qf6+ 20. Ke2 Nxg3+ 21. hxg3 c6 22. Rh1 Re8 23. Qc2 Qe6 24. Qxh7+ Kf8 25. Qh8+ Ke7 26. Qh4+ Kd7 27. Qf4 c5 28. Nb5 Kc6 29. a4 Qe7 30. Rc1 Ra8 31. dxc5 bxc5 32. b3 Ra5 33. g4 Kb6 34. Qd6+ Qxd6 35. Nxd6 f6 36. Kd3 Kc6 37. Nf5 g6 38. Ne7+ Kd6 39. Nxg6 c4+ 40. bxc4 dxc4+ 41. Rxc4 Rg5 42. Nh4 Rd5+ 43. Rd4 Rxd4+ 44. Kxd4 Ke7 45. a5 Kf7 46. a6 Kg7 47. a7 Kh6 48. a8Q Kg5 49. Ke4 Kxh4 50. Kf4 Kh3 51. Qf3+ Kh4 52. Qg3# 1-0